| 000 | 00697cam a2200217 a 4500 | ||
|---|---|---|---|
| 001 | 000006508 | ||
| 005 | 20200929153937.0 | ||
| 008 | 960729s1999 ec abc 001 0 spa | ||
| 020 | _a9978841792 | ||
| 040 |
_aDO-SdBNP _cDLC _dBNPHU |
||
| 082 |
_a986.6 _bA973r |
||
| 100 | 1 |
_aAyala Mora, Enrique. _918049 |
|
| 245 | 1 | 0 |
_aResumen de historia del Ecuador / _cEnrique Ayala Mora. |
| 250 | _a2a ed. | ||
| 260 |
_aQuito : _bCorporación Editora Nacional, _c1999. |
||
| 300 |
_a162 p. : _bil., mapas., retrs. ; _c18 cm. |
||
| 490 | 1 |
_aBiblioteca general de cultura _v1 |
|
| 651 | 4 |
_aEcuador _xHistoria _94781 |
|
| 830 | 0 |
_aBiblioteca General de Cultura ; _v1 _918050 |
|
| 910 | _aCatalogación derivada /LC | ||
| 999 |
_c6299 _d6299 |
||